000 00754nam a2200241 i 4500
001 bg
245 0 0 _aObliczanie konstrukcji stalowych :
_bwg PN-90/B-03200 /
_cJerzy Niewiadomski [et al.].
250 _aWyd. 2 [2 dodr.].
260 _aWarszawa :
_bWydaw. Naukowe PWN,
_c2002.
300 _a234, [1] s. :
_bil. ;
_c24 cm.
504 _aBibliogr., normy. - Indeks.
650 9 _aKonstrukcje stalowe
_xnormalizacja
_zPolska
650 9 _aKonstrukcje stalowe
_xprojekty
655 _aPodręczniki akademickie
700 1 _aNIEWIADOMSKI, Jerzy
020 _a8301130415
040 _cBPK
041 0 _apol
080 _a624.014.001.13/.14(438)(083.74)(075.8)
920 _a83-01-13041-5
942 _cKS
008 s pl f |000 0 pol
999 _c43599
_d43599
856 _uhttp://koha.tu.koszalin.pl/cgi-bin/koha/opac-detail.pl?biblionumber=43599
_yKatalog online BPK